Monuments les plus connus dans le monde n°1 - Statistiques

Statistiques générales
  • Ce quiz a été pris 966 fois
    803 depuis la dernière actualisation
  • Le résultat moyen est 9 sur 15
Statistiques - réponses
Par images Réponse % Correct
Tour Eiffel
98%
Big Ben
96%
Statue de la liberté
92%
Colisée
86%
Taj Mahal
85%
Arc de triomphe
84%
Notre Dame de Paris
62%
Sphinx de Gizeh
61%
Mont Rushmore
54%
Burj Khalifa
45%
Golden Gate Bridge
45%
Atomium
37%
Mémorial de Lincoln
24%
Angkor Vat
23%
Monument de Washington
11%
Aucun quiz correspondant
Distribution des résultats
% des personnes avec chaque résultat
Percentile par nombre de réponses
Votre historique - résultats
Vous n’avez pas pris ce quiz depuis la dernière actualisation